[Event "La Ceja zt (Women) 2.3"]
[Site "La Ceja"]
[Date "2011.10.16"]
[Round "8"]
[White "Duran Juarez, Citlali"]
[Black "Salazar Loor, Sara"]
[Result "1-0"]
[WhiteElo "1963"]
[BlackElo "1998"]
[PlyCount "71"]
[EventDate "2011.10.11"]
[EventType "swiss"]
[EventRounds "9"]
[EventCountry "COL"]
[SourceTitle "CBM 144 Extra"]
[Source "ChessBase"]
[SourceDate "2011.10.28"]
[SourceVersion "1"]
[SourceVersionDate "2011.10.28"]
[SourceQuality "1"]

1. e4 c5 2. Nc3 Nc6 3. f4 d6 4. Nf3 g6 5. Bc4 Bg7 6. 0-0 e6 7. d3 Nge7 8. Qe1 a6 9. a4 Nd4 10. Nxd4 cxd4 11. Ne2 0-0 12. Kh1 d5 13. Bb3 b6 14. Ng1 dxe4 15. dxe4 Bb7 16. Nf3 Nc6 17. Bd2 d3 18. Bc3 dxc2 19. Bxg7 Kxg7 20. Bxc2 Rc8 21. Rd1 Qe7 22. Qf2 Nb4 23. Bb1 Bc6 24. b3 b5 25. f5 exf5 26. exf5 bxa4 27. Nd4 Qf6 28. Qd2 a5 29. fxg6 Qe5 30. Nf5+ Kg8 31. Rde1 Rcd8 32. Qg5 Qb2 33. Nh6+ Kh8 34. Nxf7+ Rxf7 35. Qxd8+ Kg7 36. Rxf7+ 1-0

[Event "La Ceja zt (Women) 2.3"]
[Site "La Ceja"]
[Date "2011.10.15"]
[Round "7"]
[White "Heredia Serrano, Carla Sofia"]
[Black "Duran Juarez, Citlali"]
[Result "1-0"]
[WhiteElo "2090"]
[BlackElo "1963"]
[PlyCount "109"]
[EventDate "2011.10.11"]
[EventType "swiss"]
[EventRounds "9"]
[EventCountry "COL"]
[SourceTitle "CBM 144 Extra"]
[Source "ChessBase"]
[SourceDate "2011.10.28"]
[SourceVersion "1"]
[SourceVersionDate "2011.10.28"]
[SourceQuality "1"]

1. e4 e6 2. d4 d5 3. Nd2 Nf6 4. e5 Nfd7 5. Ngf3 c5 6. c3 Nc6 7. Bd3 Be7 8. 0-0 g5 9. dxc5 Ndxe5 10. Nxe5 Nxe5 11. Bb5+ Bd7 12. Bxd7+ Qxd7 13. b4 Ng6 14. Re1 Bf6 15. Qf3 Bg7 16. Nb3 h6 17. Nd4 0-0 18. a4 Nh4 19. Qh3 Ng6 20. Bd2 Rac8 21. Qd3 Ne5 22. Qh3 Nc4 23. Re2 Rfd8 24. a5 a6 25. Rf1 e5 26. Nf5 Rc6 27. g4 Re6 28. Rd1 e4 29. Be3 Ne5 30. Bd4 Nf3+ 31. Kh1 Bxd4 32. Nxd4 Nxd4 33. Rxd4 Kg7 34. c4 Qc6 35. Qc3 Kh7 36. Red2 Re5 37. Qc2 Kg7 38. Qc3 Kh7 39. Qe3 Qe6 40. h3 f5 41. gxf5 Qxf5 42. Kg2 Rd7 43. Qg3 Rd8 44. Qg4 Qf7 45. cxd5 Rdxd5 46. Rxd5 Rxd5 47. Qxe4+ Rf5 48. Rd6 Kg7 49. Qd4+ Kg8 50. Rxh6 Qd5+ 51. Qxd5+ Rxd5 52. Rd6 Rf5 53. Rd7 Rf7 54. Rxf7 Kxf7 55. Kf3 1-0

[Event "La Ceja zt (Women) 2.3"]
[Site "La Ceja"]
[Date "2011.10.15"]
[Round "6"]
[White "Orozco Lopez, Lina Yomayra"]
[Black "Duran Juarez, Citlali"]
[Result "1-0"]
[WhiteElo "2161"]
[BlackElo "1963"]
[PlyCount "71"]
[EventDate "2011.10.11"]
[EventType "swiss"]
[EventRounds "9"]
[EventCountry "COL"]
[SourceTitle "CBM 144 Extra"]
[Source "ChessBase"]
[SourceDate "2011.10.28"]
[SourceVersion "1"]
[SourceVersionDate "2011.10.28"]
[SourceQuality "1"]

1. e4 e6 2. d4 d5 3. Nd2 Nf6 4. e5 Nfd7 5. Ngf3 c5 6. c3 Nc6 7. Bd3 Be7 8. 0-0 g5 9. h3 h5 10. c4 g4 11. cxd5 exd5 12. hxg4 hxg4 13. Nh2 g3 14. fxg3 Nxd4 15. Ng4 Qb6 16. Nf3 c4 17. Be3 Bc5 18. e6 Nxe6 19. Re1 cxd3 20. Qxd3 Bxe3+ 21. Rxe3 Rg8 22. Nh6 Rg6 23. Nf5 Rf6 24. Rae1 Kf8 25. g4 Ndc5 26. Qxd5 Bd7 27. b4 Qxb4 28. Qd6+ Kg8 29. Qe7 Rg6 30. Ne5 Rf8 31. Nxd7 Qxe1+ 32. Rxe1 Nxd7 33. Qxd7 Rd8 34. Qxb7 Rg5 35. Qe7 Rg6 36. Rxe6 1-0

[Event "La Ceja zt (Women) 2.3"]
[Site "La Ceja"]
[Date "2011.10.11"]
[Round "2"]
[White "Duran Juarez, Citlali"]
[Black "Marrero Lopez, Yaniet"]
[Result "0-1"]
[WhiteElo "1963"]
[BlackElo "2291"]
[PlyCount "54"]
[EventDate "2011.10.11"]
[EventType "swiss"]
[EventRounds "9"]
[EventCountry "COL"]
[SourceTitle "CBM 144 Extra"]
[Source "ChessBase"]
[SourceDate "2011.10.28"]
[SourceVersion "1"]
[SourceVersionDate "2011.10.28"]
[SourceQuality "1"]

1. e4 e5 2. Nf3 Nc6 3. d4 exd4 4. Nxd4 Nf6 5. Nxc6 bxc6 6. e5 Qe7 7. Qe2 Nd5 8. c4 Nb6 9. Nc3 Bb7 10. Bd2 g6 11. 0-0-0 Bg7 12. f4 0-0 13. h4 Ba6 14. b3 Qa3+ 15. Kc2 d5 16. exd6 Nd5 17. Ra1 cxd6 18. Qf3 Nb4+ 19. Kd1 Qb2 20. Rc1 Nxa2 21. Nxa2 Qxa2 22. h5 Rab8 23. Rh3 Bc8 24. g4 gxh5 25. Rxh5 Qxb3+ 26. Qxb3 Rxb3 27. Be2 Re8 0-1

[Event "Pan American-ch U20 Girls"]
[Site "Duran"]
[Date "2011.06.08"]
[Round "5"]
[White "Jorquera Cabello, Valentina Paz"]
[Black "Duran Juarez, Citlali"]
[Result "0-1"]
[WhiteElo "1972"]
[BlackElo "1959"]
[PlyCount "46"]
[EventDate "2011.06.05"]
[EventType "swiss"]
[EventRounds "9"]
[EventCountry "ECU"]
[SourceTitle "EXT 2013"]
[Source "ChessBase"]
[SourceDate "2012.11.22"]
[SourceVersion "1"]
[SourceVersionDate "2012.11.22"]
[SourceQuality "1"]

1. e4 e5 2. d4 exd4 3. Qxd4 Nc6 4. Qe3 Nf6 5. e5 Ng4 6. Qe4 d5 7. exd6+ Be6 8. Ba6 Bxd6 9. Bxb7 Nb4 10. Bxa8 0-0 11. Bc6 Nf6 12. Qe2 Nxc6 13. Nf3 Bg4 14. Be3 Re8 15. Nbd2 Nb4 16. Nb3 Nfd5 17. 0-0-0 Nxa2+ 18. Kb1 Nac3+ 19. bxc3 Nxc3+ 20. Kb2 Nxe2 21. Rd2 Bxf3 22. gxf3 Qf6+ 23. Nd4 Rb8+ 0-1

[Event "Pan American-ch U20 Girls"]
[Site "Duran"]
[Date "2011.06.06"]
[Round "3"]
[White "Chumpitaz Carbajal, Ann"]
[Black "Duran Juarez, Citlali"]
[Result "1-0"]
[WhiteElo "2213"]
[BlackElo "1959"]
[PlyCount "100"]
[EventDate "2011.06.05"]
[EventType "swiss"]
[EventRounds "9"]
[EventCountry "ECU"]
[SourceTitle "EXT 2013"]
[Source "ChessBase"]
[SourceDate "2012.11.22"]
[SourceVersion "1"]
[SourceVersionDate "2012.11.22"]
[SourceQuality "1"]

1. Nf3 d5 2. c4 e6 3. g3 Bd6 4. Bg2 Nf6 5. 0-0 0-0 6. d4 c6 7. b3 Nbd7 8. Bb2 Ne4 9. Ne5 f5 10. f3 Nxe5 11. dxe5 Bc5+ 12. Bd4 Qb6 13. e3 Bxd4 14. exd4 Ng5 15. Nc3 Bd7 16. Na4 Qc7 17. Qd2 h6 18. Rfe1 b6 19. h4 Nf7 20. Nc3 Rae8 21. Rac1 Qb7 22. Ne2 g5 23. hxg5 hxg5 24. g4 f4 25. Kf2 Kg7 26. Rh1 Rh8 27. Nxf4 gxf4 28. Qxf4 Reg8 29. Qf6+ Kf8 30. Rxh8 Rxh8 31. g5 Ke8 32. g6 Rf8 33. gxf7+ Rxf7 34. Qg6 Ke7 35. cxd5 cxd5 36. Bh3 b5 37. Bg4 Qb6 38. Ke3 Qa5 39. Bh5 Rf5 40. Qg7+ Kd8 41. Bg4 Qa3 42. Rc2 Rf8 43. Qg5+ Qe7 44. Qxe7+ Kxe7 45. b4 a5 46. bxa5 Ra8 47. a3 Rxa5 48. Rc3 Ra4 49. Rb3 Rc4 50. f4 Rc1 1-0

[Event "Olympiad Women-39"]
[Site "Khanty-Mansiysk"]
[Date "2010.10.03"]
[Round "11.32"]
[White "Frank Nielsen, Marie"]
[Black "Duran Juarez, Citlali"]
[Result "1-0"]
[WhiteElo "2036"]
[BlackElo "1957"]
[PlyCount "93"]
[EventDate "2010.09.21"]
[EventType "team-swiss"]
[EventRounds "11"]
[EventCountry "RUS"]
[SourceTitle "CBM 139"]
[Source "ChessBase"]
[SourceDate "2010.11.18"]
[SourceVersion "1"]
[SourceVersionDate "2010.11.18"]
[SourceQuality "1"]
[WhiteTeam "Denmark (W)"]
[BlackTeam "Mexico (W)"]
[WhiteTeamCountry "DEN"]
[BlackTeamCountry "MEX"]

1. e4 e6 2. d4 d5 3. Nc3 Nf6 4. e5 Nfd7 5. f4 c5 6. Nf3 Nc6 7. Be3 cxd4 8. Nxd4 Bc5 9. Qd2 0-0 10. 0-0-0 a6 11. h4 Nxd4 12. Bxd4 b5 13. Bxc5 Nxc5 14. Qd4 Qb6 15. a3 Bb7 16. g4 Nd7 17. Ne2 a5 18. Rh3 Rfc8 19. Qxb6 Nxb6 20. Nd4 b4 21. f5 Nc4 22. Bxc4 Rxc4 23. b3 Rcc8 24. a4 Bc6 25. Rf3 Bd7 26. f6 Rc5 27. g5 Rac8 28. h5 Rc3 29. Rxc3 Rxc3 30. Rd3 Rc5 31. Kd2 Bc8 32. c3 Ba6 33. Re3 Bf1 34. cxb4 axb4 35. Re1 Ba6 36. Rc1 Rxc1 37. Kxc1 gxf6 38. gxf6 Kf8 39. h6 Ke8 40. Nc6 Bb7 41. Nxb4 Kd7 42. Kd2 Kc7 43. a5 Ba8 44. Kc3 Bb7 45. Kd4 Ba8 46. Kc5 Bb7 47. Nc2 1-0

[Event "Pan American-ch U18 Girls 18th"]
[Site "Mar del Plata"]
[Date "2009.08.20"]
[Round "8"]
[White "Duran Juarez, Citlali"]
[Black "Orozco, Lina Yomayra"]
[Result "0-1"]
[WhiteElo "1854"]
[BlackElo "2184"]
[PlyCount "46"]
[EventDate "2009.08.16"]
[EventType "swiss"]
[EventRounds "9"]
[EventCountry "ARG"]
[SourceTitle "EXT 2022"]
[Source "ChessBase"]
[SourceDate "2021.10.06"]
[SourceVersion "1"]
[SourceVersionDate "2021.10.06"]
[SourceQuality "1"]

1. e4 c5 2. Nc3 e6 3. f4 g6 4. Nf3 Nc6 5. d4 cxd4 6. Nxd4 d6 7. Nxc6 bxc6 8. Bd3 d5 9. 0-0 Bc5+ 10. Kh1 h5 11. Qf3 Nf6 12. Na4 Be7 13. b3 Ng4 14. g3 Bb7 15. Ba3 Qa5 16. c3 c5 17. Rfc1 0-0-0 18. exd5 Rxd5 19. Be4 f5 20. Bxd5 Bxd5 21. Qxd5 exd5 22. Re1 Kd8 23. Rad1 Nf2+ 0-1

[Event "Pan American-ch U18 Girls 18th"]
[Site "Mar del Plata"]
[Date "2009.08.20"]
[Round "7"]
[White "Estrada, Lucia"]
[Black "Duran Juarez, Citlali"]
[Result "0-1"]
[WhiteElo "1960"]
[BlackElo "1854"]
[PlyCount "38"]
[EventDate "2009.08.16"]
[EventType "swiss"]
[EventRounds "9"]
[EventCountry "ARG"]
[SourceTitle "EXT 2022"]
[Source "ChessBase"]
[SourceDate "2021.10.06"]
[SourceVersion "1"]
[SourceVersionDate "2021.10.06"]
[SourceQuality "1"]

1. d4 Nf6 2. Bg5 Ne4 3. Bf4 c5 4. f3 Qa5+ 5. c3 Nf6 6. d5 d6 7. e4 Nbd7 8. Nd2 g6 9. Bd3 Bg7 10. Nc4 Qc7 11. Ne2 b5 12. Ne3 c4 13. Bc2 0-0 14. Nd4 Nh5 15. Bg5 Nc5 16. g4 Nf6 17. Qd2 Qd7 18. h4 e5 19. Ne2 Ne8 0-1